Очерки экологии человека: учебное пособие

التفاصيل البيبلوغرافية
المؤلف الرئيسي: Алексеев В. П. Валерий Павлович
اللغة:الروسية
منشور في: Москва, Изд-во МНЭПУ, 1998
الموضوعات:
التنسيق: كتاب
KOHA link:https://koha.lib.tpu.ru/cgi-bin/koha/opac-detail.pl?biblionumber=10575

MARC

LEADER 00000nam0a2200000 4500
001 10575
005 20231030183105.0
010 |a 5738300505 
035 |a (RuTPU)RU\TPU\book\10636 
035 |a BOOK00010702 
090 |a 10575 
100 |a 20011209d1998 m y0rusy50 ca 
101 0 |a rus 
102 |a RU 
105 |a a j 000zy 
200 1 |a Очерки экологии человека  |e учебное пособие  |f В. П. Алексеев 
210 |a Москва  |c Изд-во МНЭПУ  |d 1998 
215 |a 232 с.  |c ил. 
610 1 |a экология 
610 1 |a человек 
610 1 |a происхождение 
610 1 |a антропология 
610 1 |a окружающая среда 
610 1 |a природа 
610 1 |a общество 
610 1 |a учебные пособия 
675 |a 574.2(075.8)  |v 3 
686 |a Ю663я73  |v LBC/SL-A  |2 rubbk 
700 1 |a Алексеев  |b В. П.  |g Валерий Павлович 
801 0 |a RU  |b 63413507  |c 20011209  |g PSBO 
801 2 |a RU  |b 63413507  |c 20070810  |g PSBO 
900 |a Экология 
942 |c BK